| 000 | 00886cam a2200241 a 4500 | ||
|---|---|---|---|
| 020 | _a9789251071090 | ||
| 020 | _a9251071098 | ||
| 040 | _cCN3GA | ||
| 082 | _a334 FAO 2011 C146 Or. | ||
| 100 | 1 | _aElbehri, Aziz. | |
| 245 | 1 | 0 |
_aGlobal action on climate change in agriculture : _blinkages to food security, markets and trade policies in developing countries / |
| 246 | 3 | 0 | _aLinkages to food security, markets and trade policies in developing countries |
| 260 |
_aRome : _bTrade and Markets Division, Food and Agriculture Organization of the United Nations, _c2011. |
||
| 300 |
_aix, 82 p. ; _c30 cm. |
||
| 650 | 0 | _aFood supply | |
| 650 | 0 | _aFood security | |
| 650 | 0 | _aFood industry and trade | |
| 650 | 0 | _aAgriculture | |
| 700 | 1 | _aGenest, Alexandre. | |
| 700 | 1 | _aBurfisher, Mary E. | |
| 710 | 2 | _aFood and Agriculture Organization of the United Nations. | |
| 942 | _cAEDBB | ||
| 999 |
_c20980 _d20980 |
||